<?xml version="1.0" encoding="UTF-8"?>
<record
    xmlns:xsi="http://www.w3.org/2001/XMLSchema-instance"
    xsi:schemaLocation="http://www.loc.gov/MARC21/slim http://www.loc.gov/standards/marcxml/schema/MARC21slim.xsd"
    xmlns="http://www.loc.gov/MARC21/slim">

  <leader>01368nam0a2200313   4500</leader>
  <controlfield tag="001">RU\NLR\ONL2\14685</controlfield>
  <controlfield tag="005">20260317114905.0</controlfield>
  <datafield tag="035" ind1=" " ind2=" ">
    <subfield code="a">(NLR Aleph) 009662270</subfield>
  </datafield>
  <datafield tag="090" ind1=" " ind2=" ">
    <subfield code="a">13635119</subfield>
    <subfield code="c">13635119</subfield>
  </datafield>
  <datafield tag="100" ind1=" " ind2=" ">
    <subfield code="a">20090617d1956    k  y0rusy50      ca</subfield>
  </datafield>
  <datafield tag="101" ind1="0" ind2=" ">
    <subfield code="a">aze</subfield>
  </datafield>
  <datafield tag="102" ind1=" " ind2=" ">
    <subfield code="a">AZ</subfield>
  </datafield>
  <datafield tag="105" ind1=" " ind2=" ">
    <subfield code="a">c |||||||||</subfield>
  </datafield>
  <datafield tag="200" ind1="1" ind2=" ">
    <subfield code="a">&#x425;&#x430;&#x43B;&#x433; &#x448;&#x430;&#x438;&#x440;&#x438; &#x421;&#x4D9;&#x43C;&#x4D9;&#x434; &#x412;&#x443;&#x440;&#x493;&#x443;&#x43D;</subfield>
    <subfield code="e">h&#x4D9;j&#x430;&#x442; &#x432;&#x4D9; j&#x430;&#x440;&#x430;&#x434;&#x44B;&#x4B9;&#x44B;&#x43B;&#x44B;&#x493;&#x44B;</subfield>
    <subfield code="f">&#x411;. &#x412;&#x430;h&#x430;&#x431;&#x437;&#x430;&#x434;&#x4D9;</subfield>
    <subfield code="g">&#x421;&#x421;&#x420;&#x418; &#x410;&#x43B;&#x438; &#x442;&#x44D;h&#x441;&#x438;&#x43B; &#x43D;&#x430;&#x437;. &#x421;. &#x41C;. &#x41A;&#x438;&#x440;&#x43E;&#x432; &#x430;&#x434;. &#x410;&#x437;&#x44D;&#x440;&#x431;&#x430;j&#x447;&#x430;&#x43D; &#x434;&#x4E9;&#x432;. &#x443;&#x43D;-&#x442;&#x438;</subfield>
  </datafield>
  <datafield tag="210" ind1=" " ind2=" ">
    <subfield code="a">&#x411;&#x430;&#x43A;&#x44B;</subfield>
    <subfield code="c">&#x421;. &#x41C;. &#x41A;&#x438;&#x440;&#x43E;&#x432; &#x430;&#x434;. &#x410;&#x437;&#x44D;&#x440;&#x431;&#x430;j&#x447;&#x430;&#x43D; &#x434;&#x4E9;&#x432;. &#x443;&#x43D;-&#x442;&#x438;</subfield>
    <subfield code="d">1956</subfield>
  </datafield>
  <datafield tag="215" ind1=" " ind2=" ">
    <subfield code="a">130 &#x441;.,[1] &#x43B;. &#x43F;&#x43E;&#x440;&#x442;&#x440;.</subfield>
    <subfield code="d">15</subfield>
  </datafield>
  <datafield tag="541" ind1="1" ind2=" ">
    <subfield code="6">z01790</subfield>
    <subfield code="a">&#x41D;&#x430;&#x440;&#x43E;&#x434;&#x43D;&#x44B;&#x439; &#x43F;&#x43E;&#x44D;&#x442; &#x421;&#x430;&#x43C;&#x435;&#x434; &#x412;&#x443;&#x440;&#x433;&#x443;&#x43D;</subfield>
    <subfield code="e">&#x436;&#x438;&#x437;&#x43D;&#x44C; &#x438; &#x442;&#x432;&#x43E;&#x440;&#x447;&#x435;&#x441;&#x442;&#x432;&#x43E;</subfield>
    <subfield code="z">rus</subfield>
  </datafield>
  <datafield tag="600" ind1="0" ind2="1">
    <subfield code="a">&#x412;&#x443;&#x440;&#x433;&#x443;&#x43D;</subfield>
    <subfield code="b">&#x421;.</subfield>
    <subfield code="g">&#x421;&#x430;&#x43C;&#x435;&#x434;</subfield>
    <subfield code="2">psbo</subfield>
  </datafield>
  <datafield tag="606" ind1="0" ind2=" ">
    <subfield code="a">&#x410;&#x437;&#x435;&#x440;&#x431;&#x430;&#x439;&#x434;&#x436;&#x430;&#x43D;&#x441;&#x43A;&#x430;&#x44F; &#x43B;&#x438;&#x442;&#x435;&#x440;&#x430;&#x442;&#x443;&#x440;&#x430;</subfield>
    <subfield code="x">&#x418;&#x441;&#x442;&#x43E;&#x440;&#x438;&#x44F;</subfield>
    <subfield code="9">2176176</subfield>
    <subfield code="3">RU\NLR\auth-onl\66418</subfield>
  </datafield>
  <datafield tag="686" ind1="1" ind2=" ">
    <subfield code="a">&#x428;5(2=&#x410;&#x437;)7-4&#x412;&#x443;&#x440;&#x433;&#x443;&#x43D;</subfield>
  </datafield>
  <datafield tag="700" ind1=" " ind2="1">
    <subfield code="a">&#x412;&#x430;h&#x430;&#x431;&#x437;&#x430;&#x434;&#x4D9;</subfield>
    <subfield code="b">&#x411;. &#x41C;.</subfield>
    <subfield code="g">&#x411;&#x4D9;&#x445;&#x442;&#x438;j&#x430;&#x440; &#x41C;&#x430;h&#x43C;&#x443;&#x434; &#x43E;&#x493;&#x43B;&#x443;</subfield>
    <subfield code="4">070</subfield>
  </datafield>
  <datafield tag="790" ind1=" " ind2="1">
    <subfield code="6">z01541</subfield>
    <subfield code="a">&#x412;&#x430;&#x445;&#x430;&#x431;&#x437;&#x430;&#x434;&#x435;</subfield>
    <subfield code="b">&#x411;. &#x41C;.</subfield>
    <subfield code="g">&#x411;&#x430;&#x445;&#x442;&#x438;&#x44F;&#x440; &#x41C;&#x430;&#x445;&#x43C;&#x443;&#x434; &#x43E;&#x433;&#x43B;&#x44B;</subfield>
    <subfield code="4">070</subfield>
  </datafield>
  <datafield tag="801" ind1=" " ind2="0">
    <subfield code="a">RU</subfield>
    <subfield code="b">NLR</subfield>
    <subfield code="c">20090904</subfield>
    <subfield code="g">PSBO</subfield>
  </datafield>
  <datafield tag="852" ind1=" " ind2=" ">
    <subfield code="a">NLR</subfield>
    <subfield code="b">&#x41E;&#x41D;&#x41B;</subfield>
    <subfield code="j">&#x410;&#x437;&#x435;&#x440;&#x431;./1-1339</subfield>
  </datafield>
  <datafield tag="942" ind1=" " ind2=" ">
    <subfield code="c">BOOK</subfield>
  </datafield>
  <datafield tag="980" ind1=" " ind2=" ">
    <subfield code="a">ONL_RF</subfield>
  </datafield>
  <datafield tag="980" ind1=" " ind2=" ">
    <subfield code="a">NB</subfield>
  </datafield>
</record>
